Derechos humanos, parlamento y control del poder en Mx̌ico Una perspectiva local

Detalles Bibliográficos
Formato: eBook
Lenguaje:español
Publicado: Guanajuato: Centro de estudios parlamentarios del Congreso de Guanajuato, 2020
Materias:
Acceso en línea:Acceso restringido

MARC

LEADER 00000nam a22000007a 4500
005 20220609163558.0
007 cr|||| ||||
008 220609s2020 mx |||||s||||s00||0 spa d
020 |a 978-607-8112-85-2 
035 |a 36489 
040 |a vLex 
090 |c 13399  |d 13399 
245 0 0 |a Derechos humanos, parlamento y control del poder en Mx̌ico  |h [Recurso electrn̤ico] :  |b Una perspectiva local 
256 |a Servicio en ln̕ea 
260 |a Guanajuato:  |b Centro de estudios parlamentarios del Congreso de Guanajuato,  |c 2020 
300 |a 1 recurso electrn̤ico 
506 1 |a Disponible solo en los productos indicados  |d vLex Global  |d vLex Global (Academic Edition, excluding Law Schools)  |d vLex Global (U.S. Academic Edition, Law Schools)  |d vLex Global (U.S. Academic Edition, excluding Law Schools)  |d vLex Global (Academic Edition, Law Schools) 
650 0 4 |a Derecho Constitucional  |z Mx̌ico 
740 0 |a vLex Libros (Servicio en ln̕ea) 
856 4 0 |u https://app.vlex.com/#/sources/36489  |z Acceso restringido 
942 |c BOOK 
999 0 |a Constitutional right